Usborne Farmyard tales : (Record no. 8336)

MARC details
000 -LEADER
fixed length control field 01134nam a22003017a 4500
001 - CONTROL NUMBER
control field 8336
003 - CONTROL NUMBER IDENTIFIER
control field FISKH
005 - DATE AND TIME OF LATEST TRANSACTION
control field 20250909143511.0
008 - FIXED-LENGTH DATA ELEMENTS--GENERAL INFORMATION
fixed length control field 250909b cb ||||| |||| 00| 0 eng d
020 ## - INTERNATIONAL STANDARD BOOK NUMBER
International Standard Book Number 9780746061985
040 ## - CATALOGING SOURCE
Original cataloging agency FISKH
Language of cataloging eng
Transcribing agency FISKH
Modifying agency FISKH
050 ## - LIBRARY OF CONGRESS CALL NUMBER
Classification number PZ7
082 ## - DEWEY DECIMAL CLASSIFICATION NUMBER
Classification number 823.92
100 ## - MAIN ENTRY--PERSONAL NAME
Personal name Amery, Heather
245 ## - TITLE STATEMENT
Title Usborne Farmyard tales :
Remainder of title Woolly stops the train /
Statement of responsibility, etc. Heather Amery ; Illustrated by Stephen Cartwright ; Language consultant : Betty Root ; Series editor: Jenny Tyler
250 ## - EDITION STATEMENT
Edition statement This edition first published in 2004
260 ## - PUBLICATION, DISTRIBUTION, ETC.
Place of publication, distribution, etc. London :
Name of publisher, distributor, etc. Usborne,
Date of publication, distribution, etc. 2004
300 ## - PHYSICAL DESCRIPTION
Extent 17 unnumbered pages :
Other physical details color illustrations ;
Dimensions 21 cm
505 ## - FORMATTED CONTENTS NOTE
Formatted contents note E<br/>
520 ## - SUMMARY, ETC.
Summary, etc. This is one of a series of pocket-sized editions of Farmyard Tales, all about Poppy, Sam and all the animals who live on Apple Tree Farm. There is also a little yellow duck to spot on every page.<br/>
521 8# - TARGET AUDIENCE NOTE
Target audience note 250<br/>
Source Lexile<br/>
521 8# - TARGET AUDIENCE NOTE
Target audience note E<br/>
Source Raz-Plus<br/>
650 ## - SUBJECT ADDED ENTRY--TOPICAL TERM
Source of heading or term Railroads
Topical term or geographic name entry element White basket
650 ## - SUBJECT ADDED ENTRY--TOPICAL TERM
Source of heading or term Trains
Topical term or geographic name entry element Farmyard Tales
700 ## - ADDED ENTRY--PERSONAL NAME
Personal name Cartwright, Stephen
Dates associated with a name illustrator
942 ## - ADDED ENTRY ELEMENTS (KOHA)
Source of classification or shelving scheme Dewey Decimal Classification
Koha item type Books
Suppress in OPAC No
Holdings
Withdrawn status Lost status Source of classification or shelving scheme Damaged status Not for loan Collection Home library Current library Shelving location Date acquired Total Checkouts Full call number Barcode Date last seen Copy number Price effective from Koha item type
    Dewey Decimal Classification     Juvenile Fiction Footprints International School Library Network Toul Tom Poung Campus Footprints International School Library Network Toul Tom Poung Campus TTP Primary Green Bookshelves 09/09/2025   AME 823.92 PZ7 FISBT000123 09/09/2025 1 09/09/2025 Books